Statistics for Oceanian Cities that I've Visited Picture Quiz

Click here to take the quiz!

General Stats

  • This quiz has been taken 17 times
  • The average score is 9 of 16

Answer Stats

Answer% Correct
Auckland
88%
Perth
81%
Sydney
81%
Brisbane
75%
Adelaide
69%
Canberra
69%
Gold Coast
69%
Melbourne
69%
Christchurch
50%
Hobart
44%
Queenstown
44%
Cairns
38%
Byron Bay
25%
Port Vila
25%
Suva
19%
Nouméa
6%

Score Distribution

Percentile by Number Answered

Percent of People with Each Score

Your Score History

You have not taken this quiz